| 000 | 00955nam a22003017a 4500 | ||
|---|---|---|---|
| 003 | CHAP | ||
| 005 | 20220329135820.0 | ||
| 008 | 971013s1977 r 00010 d | ||
| 010 | _a42705 | ||
| 011 | _a43677 | ||
| 035 | _a47813 | ||
| 040 | _cCHAP | ||
| 090 | _aFolleto 9290 | ||
| 110 |
_aMéxico. Dirección General de Unidades de Riego para el Desarrollo Rural _977049 |
||
| 245 | _aPartes de un motor eléctrico | ||
| 260 |
_aMéxico, D.F. : _bLa Dirección, _c(1977?) |
||
| 300 |
_aHoja desplegable _b: ilus |
||
| 490 | _aHoja de información | ||
| 590 |
_aBATCH-UPD _b10 _c20130110 _lUCH01 _h1930 |
||
| 590 |
_aBATCH-UPD _b10 _c20130410 _lUCH01 _h1254 |
||
| 590 |
_aBATCH-UPD _b10 _c20130914 _lUCH01 _h1629 |
||
| 590 |
_aCONVERSION _b10 _c20130109 _lUCH01 _h1323 |
||
| 650 | 1 | 4 |
_aMotores eléctricos. _979101 |
| 830 | 0 |
_aHoja de información _955848 |
|
| 901 | _aBK | ||
| 942 | _cFOLL | ||
| 949 |
_aFolleto 9290 _bBC _cFOLL _d-108540 _eTS1 _i47813 _mD _si |
||
| 999 |
_c42705 _d42705 |
||